000 00642nam a2200241Ia 4500
003 OSt
005 20220918221309.0
006 a|||||r|||| 00| 0
007 ta
008 220917b |||||||| |||| 00| 0 eng d
024 _a149,253
037 _cTextual
040 _aARTS
_cARTS
_beng
041 _2eng
_aeng
082 _aT:855, J51
100 _aMathewson Robert Hendry
_9139978
245 0 _aGuidance policy and practice
260 _c1955
490 _aEducation for living series, ed by H H Remmers
650 _aEDUCATION
942 _hT:855, J51
_cTEXL
_2CC
999 _c271922
_d271922